000 00453nam a2200193Ia 4500
008 210210b2005 xxu||||| |||| 00| 0 eng d
020 _a0415335841
041 _aeng
082 _a303.484 AMOG
100 _aAMOORE (Louise) Ed
245 _aGlobal resistance reader
260 _aNew York
_bRoutledge
_c2005
300 _axiv-449
650 _aresistance
650 _areader
650 _aGlobal
690 _aSocial Change
906 _a066194
999 _c146577
_d146577